Score 0/19 Timer 01:00
1 Play Today
% Correct
Brazil
96.7%
United States
95.7%
Canada
95.5%
Mexico
95.4%
Argentina
95.4%
Colombia
92.6%
Chile
90.4%
Venezuela
86.2%
Peru
84.4%
Cuba
80.5%
% Correct
Bolivia
77.5%
Ecuador
74.4%
Paraguay
67.6%
Dominican Republic
66.2%
Guatemala
65.7%
Honduras
62.6%
Nicaragua
61.7%
Haiti
57.7%
El Salvador
43.6%
Remove Ads.
Support Sporcle.
Get the best of Sporcle when you Go Orange. This ad-free experience offers more features, more stats, and more fun while also helping to support Sporcle. Thank you for becoming a member.

You're not logged in!

Compare scores with friends on all Sporcle quizzes.
OR
Log In

Show Comments

Extras

Top Quizzes Today


Score Distribution

Your Account Isn't Verified!

In order to create a playlist on Sporcle, you need to verify the email address you used during registration. Go to your Sporcle Settings to finish the process.

Report this User

Report this user for behavior that violates our Community Guidelines.

Details: